00749nam a22001697a 4500003000200000005001700002008004100019050002300060100003200083245014600115260007100261300004500332504005700377650005800434650003700492650005000529020250116174421.0250116b xxu||||| |||| 00| 0 eng d aLB 3060b.L95 2024 aLumbres, Sophia Clarisse A. aA correlational study of english proficiency to the licensure exam scores of SISC BSN graduatescSophia Clarisse A. Lumbres [and four others] aLas Pinas CitybSouthville International School and Collegesc2024 aviii, 94 pages :billustrations ;c28cm. aIncludes bibliographical references and appendices.  aEnglish language—Proficiency testing—Philippines. aNursing education—Philippines. aAcademic achievement—Correlational studies.